000 00453nam a2200181Ia 4500
008 240925s9999 xx 000 0 und d
020 _aNA
082 _a621.3815 SAE
100 _aSaeed, Manzar
245 0 _aElectronic Devices and Circuits
250 _aNA
260 _aLahore:
_bA-One Publishers
_c,1999.
300 _a296p.
_bI
_fPhotocopy
500 _aIncludes Index
600 _aElectronic Engineering
650 _aTechnology
942 _cBK
999 _c6400
_d6400